Normal view
MARC view
- عبيدات، محمد/ م . مشارك محمد ابو نصار ، عقلة المبيضين
Entry Personal Name
001 - CONTROL NUMBER
- control field: 30028
003 - CONTROL NUMBER IDENTIFIER
- control field: JO-AjAnu
005 - DATE AND TIME OF LATEST TRANSACTION
- control field: 20230606075054.0
008 - FIXED-LENGTH DATA ELEMENTS
- fixed length control field: 230606|| aca||aabn | a|a d
040 ## - CATALOGING SOURCE
- Original cataloging agency: JO-AjAnu
- Transcribing agency: JO-AjAnu
100 ## - HEADING--PERSONAL NAME
- Personal name: عبيدات، محمد/ م . مشارك محمد ابو نصار ، عقلة المبيضين
670 ## - SOURCE DATA FOUND
- Source citation: Work cat.: (JO-AjAnu)15423: عبيدات، محمد/ م . مشارك محمد ابو نصار ، عقلة المبيضين , author, منهجية البحث العلمي القواعد والمراحل والتطبيقات